Development and flood risk (Record no. 104997)
[ view plain ]
| 000 -LEADER | |
|---|---|
| fixed length control field | 01181cam a2200253 4500 |
| 001 - CONTROL NUMBER | |
| control field | ##L132057 |
| 008 - FIXED-LENGTH DATA ELEMENTS--GENERAL INFORMATION | |
| fixed length control field | 051222n2004 000 0 eng u |
| 020 ## - INTERNATIONAL STANDARD BOOK NUMBER | |
| International Standard Book Number | 086017624X |
| 035 ## - SYSTEM CONTROL NUMBER | |
| System control number | (Sirsi) u132057 |
| 041 0# - LANGUAGE CODE | |
| Language code of text/sound track or separate title | eng |
| 050 ## - LIBRARY OF CONGRESS CALL NUMBER | |
| Classification number | 711.26 $2 18 |
| 100 1# - MAIN ENTRY--PERSONAL NAME | |
| Personal name | Lancaster, J. |
| 245 00 - TITLE STATEMENT | |
| Title | Development and flood risk |
| Remainder of title | guidance for the construction industry |
| 260 ## - PUBLICATION, DISTRIBUTION, ETC. | |
| Place of publication, distribution, etc. | London |
| Name of publisher, distributor, etc. | CIRIA |
| Date of publication, distribution, etc. | 2004 |
| 300 ## - PHYSICAL DESCRIPTION | |
| Extent | 182p. |
| Other physical details | ill |
| Dimensions | 30cm. |
| 490 #0 - SERIES STATEMENT | |
| Series statement | CIRIA |
| Volume/sequential designation | 624 |
| 520 ## - SUMMARY, ETC. | |
| Summary, etc. | Guide for developers and the construction industry on the implementation of good practice in the assessment and management of flood risk as part of the development process, and is intended to promote development that is sustainable in terms of flood risk. Describes the mechanisms and impacts of flooding and includes national planning policy guidance for development and flood risk in the UK. |
| 520 ## - SUMMARY, ETC. | |
| Summary, etc. | Includes a CD-ROM which is not available for loan (L133335). |
| 690 ## - LOCAL SUBJECT ADDED ENTRY--TOPICAL TERM (OCLC, RLIN) | |
| Topical term or geographic name as entry element | ENVIRONMENTAL AND LAND CONSULTANCY-WATER RESOURCE MANAGEMENT-FLOODING |
| 700 1# - ADDED ENTRY--PERSONAL NAME | |
| Personal name | Preene, M. |
| 700 1# - ADDED ENTRY--PERSONAL NAME | |
| Personal name | Marshall, C. T. |
| 710 2# - ADDED ENTRY--CORPORATE NAME | |
| Corporate name or jurisdiction name as entry element | Construction Industry Research and Information Association |
| 9 (RLIN) | 4810 |
| 942 ## - ADDED ENTRY ELEMENTS (KOHA) | |
| Suppress in OPAC | 0 |
| Withdrawn status | Lost status | Source of classification or shelving scheme | Damaged status | Not for loan | Home library | Current library | Shelving location | Date acquired | Total Checkouts | Full call number | Barcode | Date last seen | Date last checked out | Copy number | Price effective from | Koha item type |
|---|---|---|---|---|---|---|---|---|---|---|---|---|---|---|---|---|
| Dewey Decimal Classification | London | London | Folio | 22/12/2005 | 1 | F711.26 LAN | 30071774 | 06/08/2019 | 08/12/2006 | 1 | 06/08/2019 | Book |